[Event "TUR-chT 1st League"]
[Site "Konya"]
[Date "2022.08.24"]
[Round "4.10"]
[White "Metin, Oguz"]
[Black "Kara, Goktan Can"]
[Result "1-0"]
[WhiteElo "2072"]
[BlackElo "1540"]
[PlyCount "115"]
[EventDate "2022.08.22"]
[EventType "team-swiss"]
[EventRounds "9"]
[EventCountry "TUR"]
[SourceTitle "CBM 209 Extra"]
[Source "ChessBase"]
[SourceDate "2022.09.30"]
[SourceVersion "1"]
[SourceVersionDate "2022.09.30"]
[SourceQuality "1"]
[WhiteTeam "Dogru Hamle Genclik"]
[BlackTeam "Salihli Sardes"]
[WhiteTeamCountry "TUR"]
[BlackTeamCountry "TUR"]

1. d4 d5 2. c4 c6 3. Nf3 e6 4. Nc3 Nf6 5. g3 Bd6 6. Bg2 Nbd7 7. 0-0 0-0 8. Nd2 Bc7 9. e4 dxe4 10. Ndxe4 Rb8 11. Be3 b5 12. cxb5 Nxe4 13. Nxe4 cxb5 14. Rc1 Bb7 15. Qc2 Bb6 16. Nd6 Bxg2 17. Kxg2 Nf6 18. Qc6 a6 19. Nb7 Qd5+ 20. Qxd5 Nxd5 21. Nc5 Rfd8 22. a3 Ra8 23. Rfd1 h6 24. Nd3 Rac8 25. Kf3 Ne7 26. Nc5 Ra8 27. Ke4 Kf8 28. g4 Nd5 29. h3 Ke7 30. Kf3 Rdc8 31. Nd3 a5 32. Ne5 a4 33. h4 Rc7 34. Rxc7+ Nxc7 35. d5 Bxe3 36. d6+ Kf6 37. dxc7 Rc8 38. Nd7+ Ke7 39. Kxe3 Rxc7 40. Ne5 Rc2 41. Rd2 Rc5 42. f4 f6 43. Rd7+ Ke8 44. Nd3 Rc2 45. Rxg7 Rh2 46. h5 Rh3+ 47. Ke4 f5+ 48. gxf5 exf5+ 49. Kd4 Rxh5 50. Ke5 Rh3 51. Nc5 Re3+ 52. Kxf5 Kf8 53. Rb7 h5 54. Ne6+ Kg8 55. Kf6 Kh8 56. Rb8+ Kh7 57. Ng5+ Kh6 58. Rh8# 1-0

[Event "TUR-chT 1st League"]
[Site "Konya"]
[Date "2022.08.23"]
[Round "2.8"]
[White "Tepe, Efe Can"]
[Black "Metin, Oguz"]
[Result "0-1"]
[WhiteElo "2106"]
[BlackElo "2072"]
[PlyCount "80"]
[EventDate "2022.08.22"]
[EventType "team-swiss"]
[EventRounds "9"]
[EventCountry "TUR"]
[SourceTitle "CBM 209 Extra"]
[Source "ChessBase"]
[SourceDate "2022.09.30"]
[SourceVersion "1"]
[SourceVersionDate "2022.09.30"]
[SourceQuality "1"]
[WhiteTeam "Genc Akademisyenler"]
[BlackTeam "Dogru Hamle Genclik"]
[WhiteTeamCountry "TUR"]
[BlackTeamCountry "TUR"]

1. e4 c6 2. d4 d5 3. Nd2 dxe4 4. Nxe4 Nf6 5. Nxf6+ exf6 6. c3 Bd6 7. Bd3 Qc7 8. Ne2 0-0 9. Qc2 h6 10. Be3 Re8 11. 0-0-0 Be6 12. Kb1 Nd7 13. Qd2 Nf8 14. Nf4 Bg4 15. Rde1 Qd7 16. f3 Bxf4 17. Bxf4 Bf5 18. Bg3 a5 19. Bxf5 Qxf5+ 20. Qc2 Qd5 21. Qb3 Qf5+ 22. Qc2 Qd5 23. Rxe8 Rxe8 24. Rd1 b5 25. b3 a4 26. bxa4 bxa4 27. c4 Qa5 28. Ka1 Rd8 29. Be1 Qa6 30. Qc3 Ne6 31. Bf2 a3 32. Rb1 Nf4 33. g3 Ne2 34. Qc2 Qa5 35. Re1 Nxd4 36. Qd3 c5 37. Rb1 Nc6 38. Qe3 Nb4 39. Qc3 Rd3 40. Qc1 Qa4 0-1

[Event "TUR-chT 1st League"]
[Site "Konya"]
[Date "2019.07.28"]
[Round "9.4"]
[White "Yildiz, Emre"]
[Black "Metin, Oguz"]
[Result "0-1"]
[WhiteElo "1974"]
[BlackElo "2073"]
[PlyCount "66"]
[EventDate "2019.07.22"]
[EventType "team-swiss"]
[EventRounds "9"]
[EventCountry "TUR"]
[SourceTitle "CBM 191 Extra"]
[Source "ChessBase"]
[SourceDate "2019.09.30"]
[SourceVersion "1"]
[SourceVersionDate "2019.09.30"]
[SourceQuality "1"]
[WhiteTeam "Salihli Sardes"]
[BlackTeam "Manisa Turkuaz"]
[WhiteTeamCountry "TUR"]
[BlackTeamCountry "TUR"]

1. d4 Nf6 2. c4 g6 3. Nc3 Bg7 4. Nf3 0-0 5. g3 c6 6. Bg2 d5 7. 0-0 Bf5 8. Ne5 Be6 9. Qb3 Qb6 10. Qxb6 axb6 11. cxd5 Nxd5 12. Nxd5 cxd5 13. Be3 Nc6 14. Nxc6 bxc6 15. a4 Ra6 16. Ra3 Rfa8 17. Rb3 Rxa4 18. Rxb6 Bxd4 19. Bxd4 Rxd4 20. e4 Ra2 21. Rxc6 dxe4 22. Rb6 Bd5 23. Re1 e6 24. h4 Kg7 25. Bf1 Rd2 26. Rb1 Kf6 27. Ra6 Raxb2 28. Rxb2 Rxb2 29. Ra7 Rb1 30. Rc7 Bb7 31. Kg2 e3+ 32. Rxb7 Rxb7 33. fxe3 h5 0-1

[Event "TUR-chT 1st League"]
[Site "Konya"]
[Date "2019.07.25"]
[Round "5.2"]
[White "Altun, Arda"]
[Black "Metin, Oguz"]
[Result "1-0"]
[WhiteElo "2124"]
[BlackElo "2073"]
[PlyCount "105"]
[EventDate "2019.07.22"]
[EventType "team-swiss"]
[EventRounds "9"]
[EventCountry "TUR"]
[SourceTitle "CBM 191 Extra"]
[Source "ChessBase"]
[SourceDate "2019.09.30"]
[SourceVersion "1"]
[SourceVersionDate "2019.09.30"]
[SourceQuality "1"]
[WhiteTeam "Burhaniye"]
[BlackTeam "Manisa Turkuaz"]
[WhiteTeamCountry "TUR"]
[BlackTeamCountry "TUR"]

1. e4 c5 2. Nf3 e6 3. g3 Nc6 4. Bg2 g6 5. 0-0 Bg7 6. c3 Nge7 7. d4 cxd4 8. cxd4 d5 9. e5 Qb6 10. b3 0-0 11. Nc3 f6 12. Na4 Qd8 13. exf6 Bxf6 14. Bb2 b6 15. Re1 Nf5 16. Rc1 Bd7 17. Ne5 Nxe5 18. dxe5 Bg7 19. Ba3 Re8 20. Nc3 Rc8 21. Qd3 a6 22. Bh3 b5 23. Bxf5 gxf5 24. Qd4 Bh6 25. f4 a5 26. Bd6 b4 27. Ne2 Bb5 28. Kf2 Bf8 29. Bxf8 Kxf8 30. Rxc8 Qxc8 31. Rc1 Qb7 32. Qc5+ Kf7 33. Nd4 Bd7 34. Qc7 Rb8 35. Ke3 a4 36. bxa4 Ke8 37. a5 Qc8 38. Qxc8+ Bxc8 39. Rc7 Ra8 40. Nb3 Bd7 41. Kd4 Kd8 42. Rb7 h5 43. Rxb4 Kc7 44. Kc5 Rc8 45. Rb6 Ba4 46. Kd4 Bc6 47. Nc5 Re8 48. Ra6 Rb8 49. Nxe6+ Kd7 50. Nc5+ Kc7 51. Rb6 Ra8 52. Na6+ Kd7 53. Nb8+ 1-0

[Event "TUR-chT 1st League"]
[Site "Konya"]
[Date "2019.07.23"]
[Round "3.2"]
[White "Burcu, Cagatay"]
[Black "Metin, Oguz"]
[Result "1-0"]
[WhiteElo "2359"]
[BlackElo "2073"]
[PlyCount "87"]
[EventDate "2019.07.22"]
[EventType "team-swiss"]
[EventRounds "9"]
[EventCountry "TUR"]
[SourceTitle "CBM 191 Extra"]
[Source "ChessBase"]
[SourceDate "2019.09.30"]
[SourceVersion "1"]
[SourceVersionDate "2019.09.30"]
[SourceQuality "1"]
[WhiteTeam "Gokyay Vakfi"]
[BlackTeam "Manisa Turkuaz"]
[WhiteTeamCountry "TUR"]
[BlackTeamCountry "TUR"]

1. d4 Nf6 2. Bf4 e6 3. Nf3 d5 4. e3 Bd6 5. Bg3 0-0 6. Nbd2 c5 7. c3 b6 8. Bd3 Bb7 9. Qb1 Nc6 10. Ne5 Ne7 11. 0-0 Ng6 12. e4 Nh5 13. Nxg6 hxg6 14. e5 Be7 15. f4 cxd4 16. cxd4 f5 17. exf6 Bxf6 18. Nf3 Qd6 19. Bxg6 Nxf4 20. Kh1 e5 21. Bxf4 exf4 22. Qf5 Rfe8 23. Bxe8 Rxe8 24. Rfe1 Re4 25. Nd2 Re3 26. Rxe3 fxe3 27. Nf3 e2 28. Qd3 Bc8 29. Qxe2 Bg4 30. Rf1 Qf4 31. Ne5 Bxe2 32. Rxf4 Bb5 33. Ng4 Be7 34. Kg1 Bd7 35. Ne5 Be6 36. Rf3 Bf6 37. Ra3 a5 38. Rb3 Bd8 39. Rc3 Kf8 40. Kf2 b5 41. Rc6 Bf5 42. g3 b4 43. h4 a4 44. Ra6 1-0

[Event "Manisa Yunusemre"]
[Site "Manisa"]
[Date "2019.05.04"]
[Round "10.1"]
[White "Metin, Oguz"]
[Black "Simantsev, Mikhail"]
[Result "1/2-1/2"]
[WhiteElo "2058"]
[BlackElo "2395"]
[PlyCount "72"]
[EventDate "2019.04.29"]
[EventType "schev"]
[EventRounds "10"]
[EventCountry "TUR"]
[SourceTitle "CBM 190 Extra"]
[Source "ChessBase"]
[SourceDate "2019.07.15"]
[SourceVersion "1"]
[SourceVersionDate "2019.07.15"]
[SourceQuality "1"]
[WhiteTeam "Turkuaz"]
[BlackTeam "Blue Team"]
[WhiteTeamCountry "TUR"]
[BlackTeamCountry "TUR"]

1. e4 c5 2. Nf3 e6 3. d3 Nc6 4. g3 d5 5. Nbd2 Bd6 6. Bg2 Nge7 7. 0-0 0-0 8. c3 a5 9. Re1 Bc7 10. a4 b6 11. exd5 Nxd5 12. Nc4 Ba6 13. Bg5 Qd7 14. Qb3 h6 15. Be3 Nxe3 16. Rxe3 Rab8 17. Na3 Ne7 18. Rd1 Rfd8 19. Nb5 Rbc8 20. Nxc7 Qxc7 21. Ne5 Rd6 22. Qc2 Rcd8 23. Ree1 f6 24. Nc4 Bxc4 25. dxc4 e5 26. Bf3 Qc8 27. Rxd6 Qd7 28. Bd5+ Kh8 29. Be4 Qxd6 30. Qb3 Qd7 31. Bd5 f5 32. Qb5 Qd6 33. Bf7 Kh7 34. Qa6 Qf6 35. Bd5 e4 36. Qa8 Qd6 1/2-1/2

[Event "Manisa Yunusemre"]
[Site "Manisa"]
[Date "2019.05.03"]
[Round "8.3"]
[White "Metin, Oguz"]
[Black "Kukov, Velislav"]
[Result "1-0"]
[WhiteElo "2058"]
[BlackElo "2351"]
[PlyCount "124"]
[EventDate "2019.04.29"]
[EventType "schev"]
[EventRounds "10"]
[EventCountry "TUR"]
[SourceTitle "CBM 190 Extra"]
[Source "ChessBase"]
[SourceDate "2019.07.15"]
[SourceVersion "1"]
[SourceVersionDate "2019.07.15"]
[SourceQuality "1"]
[WhiteTeam "Turkuaz"]
[BlackTeam "Blue Team"]
[WhiteTeamCountry "TUR"]
[BlackTeamCountry "TUR"]

1. e4 c6 2. d4 d5 3. e5 Na6 4. Nc3 Nc7 5. Be3 g6 6. Qd2 h5 7. 0-0-0 Nh6 8. Kb1 Nf5 9. Nge2 Nxe3 10. fxe3 Bh6 11. Nf4 Ne6 12. Bd3 Nxf4 13. exf4 Bg4 14. Be2 Bf5 15. Bd3 Bg4 16. Be2 Qd7 17. Rdf1 Bf5 18. Nd1 0-0-0 19. Ne3 Be4 20. Bd3 f5 21. Rhg1 e6 22. h4 Bf8 23. Rd1 Kb8 24. c3 Bxd3+ 25. Qxd3 c5 26. dxc5 Bxc5 27. Rgf1 Qe7 28. g3 Rc8 29. Nc2 Rc6 30. Rd2 Rhc8 31. Rfd1 a6 32. Qf3 b5 33. Rd3 Qb7 34. a3 a5 35. Ka2 Rb6 36. b4 axb4 37. cxb4 Be7 38. Nd4 Ra6 39. R1d2 Rc4 40. Kb2 Bd8 41. Nxe6 Rxe6 42. Qxd5 Qxd5 43. Rxd5 Bc7 44. Rxb5+ Kc8 45. Rbd5 Rec6 46. b5 R6c5 47. Rxc5 Rxc5 48. a4 Rc4 49. Kb3 Re4 50. Rc2 Kb7 51. Rc6 Re3+ 52. Kb4 Rxg3 53. a5 Bd8 54. a6+ Ka7 55. Rc8 Bb6 56. Rg8 Rf3 57. Rg7+ Ka8 58. Kc4 Rxf4+ 59. Kd5 Rd4+ 60. Kc6 Bd8 61. e6 Bxh4 62. Rg8+ Rd8 1-0

[Event "Manisa Yunusemre"]
[Site "Manisa"]
[Date "2019.05.02"]
[Round "7.4"]
[White "Mammadova, Narmin Fazahir Qizi"]
[Black "Metin, Oguz"]
[Result "1-0"]
[WhiteElo "2292"]
[BlackElo "2058"]
[PlyCount "117"]
[EventDate "2019.04.29"]
[EventType "schev"]
[EventRounds "10"]
[EventCountry "TUR"]
[SourceTitle "CBM 190 Extra"]
[Source "ChessBase"]
[SourceDate "2019.07.15"]
[SourceVersion "1"]
[SourceVersionDate "2019.07.15"]
[SourceQuality "1"]
[WhiteTeam "Blue Team"]
[BlackTeam "Turkuaz"]
[WhiteTeamCountry "TUR"]
[BlackTeamCountry "TUR"]

1. e4 c5 2. c3 d5 3. exd5 Qxd5 4. d4 g6 5. Be3 cxd4 6. Na3 Bg7 7. Nb5 Na6 8. Nf3 Nh6 9. Bxd4 Bxd4 10. Qxd4 Qxd4 11. Nfxd4 0-0 12. Be2 Nc5 13. Nb3 Nxb3 14. axb3 a6 15. Nc7 Rb8 16. 0-0-0 Nf5 17. Nd5 Be6 18. Kc2 Rfd8 19. Nf4 Bd7 20. Bf3 Nd6 21. Rhe1 Kf8 22. Nd5 Bf5+ 23. Kc1 Be6 24. g4 Bxd5 25. Rxd5 e6 26. Rd4 Ke7 27. Bd1 Rbc8 28. f4 Ne8 29. Rb4 Rc7 30. f5 Rd6 31. Bc2 b5 32. h3 Rc5 33. Rf4 g5 34. Rf2 h6 35. Rfe2 Nc7 36. b4 Rcd5 37. Rh1 Kf8 38. Rhe1 Ke7 39. Rf1 f6 40. Rfe1 e5 41. Be4 Rd3 42. Bxd3 Rxd3 43. Re3 Rxe3 44. Rxe3 Nd5 45. Re1 Nf4 46. Rh1 e4 47. Kd2 Kd6 48. Ke3 Ke5 49. Ra1 Nd5+ 50. Ke2 Nf4+ 51. Ke3 Nd5+ 52. Kf2 Nc7 53. Ke2 h5 54. gxh5 Kxf5 55. Rf1+ Ke6 56. h6 Kf7 57. h7 Kg7 58. Rxf6 Kxh7 59. Rf7+ 1-0

[Event "Manisa Yunusemre"]
[Site "Manisa"]
[Date "2019.04.30"]
[Round "3.3"]
[White "Kukov, Velislav"]
[Black "Metin, Oguz"]
[Result "1/2-1/2"]
[WhiteElo "2351"]
[BlackElo "2058"]
[PlyCount "78"]
[EventDate "2019.04.29"]
[EventType "schev"]
[EventRounds "10"]
[EventCountry "TUR"]
[SourceTitle "CBM 190 Extra"]
[Source "ChessBase"]
[SourceDate "2019.07.15"]
[SourceVersion "1"]
[SourceVersionDate "2019.07.15"]
[SourceQuality "1"]
[WhiteTeam "Blue Team"]
[BlackTeam "Turkuaz"]
[WhiteTeamCountry "TUR"]
[BlackTeamCountry "TUR"]

1. Nf3 Nf6 2. g3 b6 3. Bg2 Bb7 4. 0-0 g6 5. c4 Bg7 6. Nc3 0-0 7. d4 Ne4 8. Nxe4 Bxe4 9. Be3 d6 10. Qd2 c5 11. Bh6 Nd7 12. Bxg7 Kxg7 13. a4 Nf6 14. Ra3 Qc7 15. d5 a6 16. Qf4 Qd7 17. Re3 Bxf3 18. Bxf3 Ra7 19. Ra3 Rb8 20. e4 Qc7 21. Be2 Nd7 22. Qd2 Nf8 23. f4 f6 24. Re3 Nd7 25. b3 Re8 26. h4 Raa8 27. Kg2 a5 28. Bg4 Nf8 29. h5 e6 30. hxg6 hxg6 31. e5 f5 32. Bf3 Rad8 33. Qc3 Qf7 34. dxe6 Nxe6 35. Bc6 Nd4 36. Bxe8 Qxe8 37. Rh1 Qc6+ 38. Kg1 dxe5 39. Rxe5 Qf3 1/2-1/2

[Event "Manisa Yunusemre"]
[Site "Manisa"]
[Date "2019.04.29"]
[Round "1.5"]
[White "Guseynov, Alihan"]
[Black "Metin, Oguz"]
[Result "1/2-1/2"]
[WhiteElo "2340"]
[BlackElo "2058"]
[PlyCount "85"]
[EventDate "2019.04.29"]
[EventType "schev"]
[EventRounds "10"]
[EventCountry "TUR"]
[SourceTitle "CBM 190 Extra"]
[Source "ChessBase"]
[SourceDate "2019.07.15"]
[SourceVersion "1"]
[SourceVersionDate "2019.07.15"]
[SourceQuality "1"]
[WhiteTeam "Blue Team"]
[BlackTeam "Turkuaz"]
[WhiteTeamCountry "TUR"]
[BlackTeamCountry "TUR"]

1. d4 Nf6 2. c4 g6 3. Nc3 d5 4. Nf3 Bg7 5. Qb3 dxc4 6. Qxc4 0-0 7. e4 a6 8. e5 b5 9. Qb3 Nfd7 10. h4 c5 11. e6 c4 12. Qd1 Nb6 13. exf7+ Rxf7 14. h5 Nc6 15. hxg6 hxg6 16. Be3 Bf5 17. Ng5 Nxd4 18. Nxf7 Kxf7 19. Bxd4 Qxd4 20. Qxd4 Bxd4 21. Rh7+ Kf6 22. Rd1 Rd8 23. a3 g5 24. Rh6+ Bg6 25. Be2 Kg7 26. Rh3 Bc2 27. Rc1 Bf5 28. Rh5 Kf6 29. Rh6+ Ke5 30. Rh5 Kf6 31. Rd1 Bg6 32. Rh6 Kg7 33. Rh3 Bc2 34. Rc1 Bf5 35. Rh5 Kf6 36. Rh6+ Ke5 37. g3 e6 38. g4 Bd3 39. Rd1 Bc2 40. Rc1 Bd3 41. Rd1 Bc2 42. Rc1 Bd3 43. Rd1 1/2-1/2

[Event "TUR-chT 1st League"]
[Site "Konya"]
[Date "2018.07.22"]
[Round "9.1"]
[White "Metin, Oguz"]
[Black "Annaberdiyev, Babageldi"]
[Result "1/2-1/2"]
[WhiteElo "2059"]
[BlackElo "2247"]
[PlyCount "77"]
[EventDate "2018.07.16"]
[EventType "team-swiss"]
[EventRounds "9"]
[EventCountry "TUR"]
[SourceTitle "EXT 2019"]
[Source "ChessBase"]
[SourceDate "2018.10.10"]
[SourceVersion "1"]
[SourceVersionDate "2018.10.10"]
[SourceQuality "1"]
[WhiteTeam "Manisa Turkuaz"]
[BlackTeam "Sertel Genclik"]
[WhiteTeamCountry "TUR"]
[BlackTeamCountry "TUR"]

1. d4 e6 2. c4 d5 3. Nf3 c6 4. g3 f5 5. Bg2 Nf6 6. 0-0 Bd6 7. Qc2 0-0 8. Nbd2 Qe8 9. Ne1 Qh5 10. Ndf3 Nbd7 11. Nd3 Ne4 12. Bf4 Be7 13. Nfe5 Ndf6 14. f3 Nd6 15. c5 Nb5 16. Be3 g5 17. a4 Nc7 18. b4 a6 19. Qd2 Nd7 20. g4 Qh4 21. f4 Nxe5 22. Nxe5 Bf6 23. Bf2 Qh6 24. h4 Bxe5 25. fxg5 Qg7 26. dxe5 Bd7 27. Qd4 fxg4 28. Bg3 Rxf1+ 29. Rxf1 Rf8 30. Rf6 Ne8 31. Qxg4 Nxf6 32. exf6 Rxf6 33. Be5 Rf1+ 34. Kxf1 Qxe5 35. Bh3 d4 36. h5 a5 37. bxa5 Qxc5 38. g6 Qf8+ 39. Ke1 1/2-1/2

[Event "TUR-chT 1st League"]
[Site "Konya"]
[Date "2018.07.21"]
[Round "8.3"]
[White "Kuruz, Yusuf"]
[Black "Metin, Oguz"]
[Result "1/2-1/2"]
[WhiteElo "1882"]
[BlackElo "2059"]
[PlyCount "104"]
[EventDate "2018.07.16"]
[EventType "team-swiss"]
[EventRounds "9"]
[EventCountry "TUR"]
[SourceTitle "EXT 2019"]
[Source "ChessBase"]
[SourceDate "2018.10.10"]
[SourceVersion "1"]
[SourceVersionDate "2018.10.10"]
[SourceQuality "1"]
[WhiteTeam "Malatya Yesilyurt"]
[BlackTeam "Manisa Turkuaz"]
[WhiteTeamCountry "TUR"]
[BlackTeamCountry "TUR"]

1. d4 Nf6 2. Nf3 b6 3. Bf4 Bb7 4. e3 g6 5. Nbd2 Bg7 6. c3 0-0 7. Be2 d6 8. h3 Nbd7 9. 0-0 e6 10. Re1 Qe7 11. Qc2 e5 12. Bg5 e4 13. Nh2 h6 14. Bh4 g5 15. Bg3 Ne8 16. f3 Nef6 17. f4 Nd5 18. Qxe4 Qxe4 19. Nxe4 Nxe3 20. Bd3 Nxg2 21. Kxg2 f5 22. fxg5 Rae8 23. Kg1 fxe4 24. Bb5 Re7 25. gxh6 Bxh6 26. Ng4 Bg5 27. Rf1 Nf6 28. Nxf6+ Bxf6 29. Rf4 Rg7 30. Kh2 Bg5 31. Bc4+ d5 32. Rxf8+ Kxf8 33. Rf1+ Rf7 34. Rxf7+ Kxf7 35. Be2 Bc1 36. b3 c5 37. Be5 Bb2 38. dxc5 bxc5 39. Kg3 d4 40. Bc4+ Kg6 41. cxd4 cxd4 42. Kf4 Bc1+ 43. Kg3 Be3 44. Bf4 Bxf4+ 45. Kxf4 Kh5 46. Bf1 Kh4 47. b4 Ba8 48. a4 Bb7 49. b5 Ba8 50. a5 Bb7 51. b6 axb6 52. axb6 Ba8 1/2-1/2

[Event "TUR-chT 1st League"]
[Site "Konya"]
[Date "2018.07.19"]
[Round "6.3"]
[White "Saygili, Muhammet Sedat"]
[Black "Metin, Oguz"]
[Result "1/2-1/2"]
[WhiteElo "1802"]
[BlackElo "2059"]
[PlyCount "136"]
[EventDate "2018.07.16"]
[EventType "team-swiss"]
[EventRounds "9"]
[EventCountry "TUR"]
[SourceTitle "EXT 2019"]
[Source "ChessBase"]
[SourceDate "2018.10.10"]
[SourceVersion "1"]
[SourceVersionDate "2018.10.10"]
[SourceQuality "1"]
[WhiteTeam "Kahramanmaras CC"]
[BlackTeam "Manisa Turkuaz"]
[WhiteTeamCountry "TUR"]
[BlackTeamCountry "TUR"]

1. e4 c5 2. c3 d5 3. exd5 Qxd5 4. d4 g6 5. Nf3 Bg7 6. Na3 cxd4 7. Nb5 Na6 8. Nbxd4 Nf6 9. Bxa6 bxa6 10. 0-0 0-0 11. Bf4 Bb7 12. Qb3 Qxb3 13. axb3 Nh5 14. Be3 e5 15. Ne2 f5 16. Rfd1 f4 17. Bc5 e4 18. Ne1 Rf5 19. b4 Rf7 20. Rd2 f3 21. Ng3 Bh6 22. Be3 Bxe3 23. fxe3 Raf8 24. Nh1 Nf6 25. Nf2 Nd5 26. Nc2 fxg2 27. Kxg2 Rf3 28. Re1 R3f7 29. Nh1 Nf4+ 30. Kg1 Nd3 31. Rb1 Ne5 32. Rf2 Nf3+ 33. Kg2 Rf5 34. Rd1 Rg5+ 35. Ng3 h5 36. Kh1 h4 37. Ne2 Rgf5 38. Rd6 Kg7 39. Rd7+ R8f7 40. Rxf7+ Rxf7 41. Ncd4 Kh6 42. Kg2 g5 43. Nb3 g4 44. Nc5 Ba8 45. Nxa6 Rd7 46. Nd4 Ne1+ 47. Kf1 Nf3 48. Kg2 Ne1+ 49. Kf1 Nf3 50. Nc5 Rh7 51. Kg2 Kg6 52. Nce6 Rf7 53. Ne2 Kf5 54. N2f4 Ke5 55. Nd4 Rxf4 56. exf4+ Kxf4 57. Re2 Nxd4 58. cxd4 e3+ 59. Kg1 Be4 60. Re1 Bd3 61. d5 Bb5 62. Ra1 g3 63. hxg3+ Kxg3 64. Rxa7 h3 65. Rg7+ Kf3 66. d6 e2 67. Re7 Kg3 68. Rg7+ Kf3 1/2-1/2

[Event "TUR-chT 1st League"]
[Site "Konya"]
[Date "2018.07.16"]
[Round "1.6"]
[White "Bilyap, Enis"]
[Black "Metin, Oguz"]
[Result "1/2-1/2"]
[WhiteElo "1994"]
[BlackElo "2059"]
[PlyCount "76"]
[EventDate "2018.07.16"]
[EventType "team-swiss"]
[EventRounds "9"]
[EventCountry "TUR"]
[SourceTitle "EXT 2019"]
[Source "ChessBase"]
[SourceDate "2018.10.10"]
[SourceVersion "1"]
[SourceVersionDate "2018.10.10"]
[SourceQuality "1"]
[WhiteTeam "Karsiyaka Ihtisas"]
[BlackTeam "Manisa Turkuaz"]
[WhiteTeamCountry "TUR"]
[BlackTeamCountry "TUR"]

1. d4 Nf6 2. Bf4 g6 3. e3 Bg7 4. Nf3 0-0 5. Be2 d6 6. h3 Nfd7 7. 0-0 e5 8. Bh2 Qe7 9. c4 c6 10. Nc3 f5 11. Rc1 g5 12. b4 f4 13. exf4 gxf4 14. Re1 Kh8 15. Bf1 Qf7 16. Ne4 Qg6 17. dxe5 Nxe5 18. Nxe5 Bxe5 19. Qf3 Na6 20. a3 Nc7 21. Rcd1 Ne6 22. Kh1 Nd4 23. Rxd4 Bxd4 24. Bxf4 Qf7 25. Qd3 Be5 26. Ng5 Qf5 27. Bxe5+ dxe5 28. Rxe5 Qxd3 29. Bxd3 h6 30. Nf3 Bxh3 31. Rh5 Bc8 32. Rxh6+ Kg7 33. Rg6+ Kf7 34. g4 Rd8 35. Kg2 Ke7 36. Be4 Rf8 37. Ne5 Be6 38. f4 Rad8 1/2-1/2

[Event "TUR-chT 1st League"]
[Site "Konya"]
[Date "2017.07.21"]
[Round "7.7"]
[White "Keles, Cengiz Ozdemir"]
[Black "Metin, Oguz"]
[Result "0-1"]
[WhiteElo "2124"]
[BlackElo "2052"]
[PlyCount "87"]
[EventDate "2017.07.17"]
[EventType "team-swiss"]
[EventRounds "9"]
[EventCountry "TUR"]
[SourceTitle "CBM 179 Extra"]
[Source "ChessBase"]
[SourceDate "2017.08.23"]
[SourceVersion "1"]
[SourceVersionDate "2017.08.23"]
[SourceQuality "1"]
[WhiteTeam "Kahramanmaras CC"]
[BlackTeam "Manisa Turkuaz"]
[WhiteTeamCountry "TUR"]
[BlackTeamCountry "TUR"]

1. d4 Nf6 2. c4 e6 3. Nf3 b6 4. g3 Ba6 5. Nbd2 c6 6. Bg2 d5 7. Ne5 Nfd7 8. Nef3 Nf6 9. b3 Be7 10. Bb2 0-0 11. 0-0 Nbd7 12. Re1 Bb7 13. Ne5 c5 14. e3 Qc7 15. Rc1 dxc4 16. Ndxc4 Bxg2 17. Kxg2 Qb7+ 18. Qf3 Qxf3+ 19. Kxf3 Rac8 20. Red1 cxd4 21. exd4 Rfd8 22. a3 Nd5 23. Ne3 Nxe3 24. Kxe3 Nb8 25. Rc4 b5 26. Rcc1 f6 27. Nd3 Kf7 28. b4 Na6 29. Ke2 Bd6 30. f4 Ke7 31. Nf2 Nc7 32. Rc6 f5 33. Rdc1 Kd7 34. Nd3 Rb8 35. d5 Nxd5 36. Be5 Rb6 37. Bxd6 Rxc6 38. Ne5+ Kxd6 39. Rxc6+ Ke7 40. Ra6 Nc3+ 41. Ke3 Nd1+ 42. Kf3 Rd2 43. Rxa7+ Kf8 44. Rd7 0-1

[Event "TUR Cup"]
[Site "Antalya"]
[Date "2017.01.29"]
[Round "2"]
[White "Kozlu, Cahit Ali"]
[Black "Metin, Oguz"]
[Result "0-1"]
[WhiteElo "1872"]
[BlackElo "2102"]
[PlyCount "84"]
[EventDate "2017.01.28"]
[EventType "swiss"]
[EventRounds "11"]
[EventCountry "TUR"]
[SourceTitle "CBM 176 Extra"]
[Source "ChessBase"]
[SourceDate "2017.03.02"]
[SourceVersion "1"]
[SourceVersionDate "2017.03.02"]
[SourceQuality "1"]

1. e4 c5 2. Nf3 d6 3. Bb5+ Nd7 4. 0-0 a6 5. Bd3 g6 6. Re1 Bg7 7. c3 Ngf6 8. Bc2 0-0 9. d4 Qc7 10. h3 e5 11. d5 b5 12. Nbd2 Nh5 13. a4 Bb7 14. axb5 axb5 15. Rxa8 Rxa8 16. Nf1 c4 17. Ne3 Nf4 18. g3 Nh5 19. Ng4 Ra1 20. Nfh2 Nc5 21. Qe2 Bc8 22. Rd1 Nf6 23. Nxf6+ Bxf6 24. Qf3 Bg7 25. Ng4 Qe7 26. Kg2 f6 27. Be3 Rxd1 28. Qxd1 h5 29. Nh2 Qd7 30. g4 hxg4 31. hxg4 Kf7 32. Qf3 Kg8 33. Bd2 Qe7 34. Qg3 Nd7 35. g5 Qf7 36. Ng4 f5 37. exf5 Qxd5+ 38. Qf3 Qxd2 39. f6 Qxg5 40. fxg7 Kxg7 41. Kg1 Nc5 42. Bd1 Nd3 0-1

[Event "TUR Cup"]
[Site "Antalya"]
[Date "2017.01.29"]
[Round "3"]
[White "Metin, Oguz"]
[Black "Aysoy, Veysi"]
[Result "1-0"]
[WhiteElo "2102"]
[BlackElo "1874"]
[PlyCount "105"]
[EventDate "2017.01.28"]
[EventType "swiss"]
[EventRounds "11"]
[EventCountry "TUR"]
[SourceTitle "CBM 176 Extra"]
[Source "ChessBase"]
[SourceDate "2017.03.02"]
[SourceVersion "1"]
[SourceVersionDate "2017.03.02"]
[SourceQuality "1"]

1. d4 d5 2. c4 c6 3. Nf3 Nf6 4. g3 e6 5. Bg2 Bb4+ 6. Bd2 Be7 7. 0-0 0-0 8. Qc2 Nbd7 9. Rd1 Ne4 10. Nc3 f5 11. Rab1 Ndf6 12. Ne5 Nxd2 13. Qxd2 Ne4 14. Nxe4 fxe4 15. f3 exf3 16. exf3 Bd6 17. Rbc1 Bxe5 18. dxe5 Bd7 19. f4 Qe7 20. h4 Rad8 21. Qf2 a5 22. Bh3 Be8 23. Qb6 Bg6 24. cxd5 exd5 25. Qc5 Qxc5+ 26. Rxc5 a4 27. a3 h5 28. Rd4 Ra8 29. Rb4 Ra7 30. Kf2 Be8 31. Ke3 b5 32. Kd4 g6 33. Rc1 Re7 34. Kc5 Rf5 35. Bxf5 gxf5 36. Re1 Re6 37. Rd4 Kf8 38. Rdd1 Rg6 39. Re3 Rg7 40. Kd6 Rb7 41. e6 b4 42. Rd4 bxa3 43. bxa3 Rb8 44. Re5 Rd8+ 45. Kc5 Ke7 46. Rxa4 Rb8 47. Ra7+ Kf6 48. e7 Rc8 49. a4 Rb8 50. a5 d4 51. Kxd4 Rb3 52. Ra8 Kf7 53. Rxf5+ 1-0